000 00281nam a22001217a 4500
003 SGT
082 _a070
_bNMS
100 _aNAIMISARAI , MOHANDAS
245 _aDHARTIPUTRA SIR CHOTURAM KI SANGARSH YATRA
260 _bSAMYAK PRAKASHAN
_c2022
300 _a102
942 _2ddc
_cBK
_02
999 _c25205
_d25205